[Event "Paignton Premier 46th"]
[Site "Paignton"]
[Date "1996.09.03"]
[Round "3.10"]
[White "Lewis, David J"]
[Black "Parr, Frank"]
[Result "1/2-1/2"]
[WhiteElo "1784"]
[BlackElo "2140"]
[PlyCount "73"]
[EventDate "1996.09.01"]
[EventType "swiss"]
[EventRounds "7"]
[EventCountry "ENG"]
[SourceTitle "BritBase"]
[Source "John Saunders"]
[SourceDate "2023.06.22"]
[SourceVersion "1"]
[SourceVersionDate "2023.06.22"]
[SourceQuality "1"]

1. b3 e5 2. Bb2 Nc6 3. e3 g6 4. f4 Bg7 5. Nf3 d6 6. Be2 Nge7 7. O-O O-O 8. fxe5
dxe5 9. Nc3 h6 10. Ne4 Kh7 11. Qe1 Nf5 12. Bc4 Nd6 13. Nxd6 cxd6 14. e4 Be6 15.
Bxe6 fxe6 16. d3 Nd4 17. Nxd4 exd4 18. Qe2 Qe7 19. Rxf8 Rxf8 20. Rf1 Rxf1+ 21.
Qxf1 Be5 22. Qf2 Qf6 23. Qxf6 Bxf6 24. Kf2 Be5 25. h3 Kg7 26. Kf3 Kf7 27. Bc1
Kg7 28. Bd2 Kh7 29. Ba5 Kg7 30. Bc7 Kf7 31. Bb8 a6 32. Bc7 Ke7 33. Ba5 Bg7 34.
Bd2 e5 35. Kg4 Kf6 36. Kf3 Ke6 37. Kg4 1/2-1/2

[Event "Paignton Premier 46th"]
[Site "Paignton"]
[Date "1996.09.03"]
[Round "3.11"]
[White "Brogden, John G"]
[Black "Karayiannis, Costas"]
[Result "1/2-1/2"]
[WhiteElo "1959"]
[BlackElo "2105"]
[PlyCount "84"]
[EventDate "1996.09.01"]
[EventType "swiss"]
[EventRounds "7"]
[EventCountry "ENG"]
[SourceTitle "BritBase"]
[Source "John Saunders"]
[SourceDate "2023.06.22"]
[SourceVersion "1"]
[SourceVersionDate "2023.06.22"]
[SourceQuality "1"]

1. d4 Nf6 2. c4 g6 3. Nc3 d5 4. cxd5 Nxd5 5. e4 Nxc3 6. bxc3 Bg7 7. Bc4 O-O 8.
Ne2 Nc6 9. O-O b6 10. Be3 Bb7 11. Qd2 e6 12. Rad1 Qd6 13. e5 $4 Nxe5 $1 14. Bb3
Qc6 15. d5 exd5 16. Bxd5 Qxd5 17. Qxd5 Bxd5 18. Rxd5 Rfd8 19. Rfd1 Rxd5 20.
Rxd5 Re8 21. Kf1 c6 22. Rd1 f5 23. Bf4 Kf7 24. h3 Re7 25. Rd6 Re6 26. Rd1 c5
27. Bxe5 Bxe5 28. Rd7+ Re7 29. Rxe7+ Kxe7 30. f4 Bf6 31. c4 Kd7 32. g4 fxg4 33.
hxg4 Kc6 34. a4 a6 35. Ng3 b5 36. axb5+ axb5 37. cxb5+ Kxb5 38. Ne4 Be7 $2 (
38... Bb2 $19) 39. f5 gxf5 40. gxf5 c4 41. Ke2 h5 42. f6 Bf8 {(not sure this
was board 11 - may have been a lower board)} 1/2-1/2

[Event "Paignton Premier 46th"]
[Site "Paignton"]
[Date "1996.09.03"]
[Round "3.12"]
[White "Leech, Aiden M"]
[Black "Judd, Ian P"]
[Result "1-0"]
[WhiteElo "2105"]
[BlackElo "1944"]
[PlyCount "79"]
[EventDate "1996.09.01"]
[EventType "swiss"]
[EventRounds "7"]
[EventCountry "ENG"]
[SourceTitle "BritBase"]
[Source "John Saunders"]
[SourceDate "2023.06.22"]
[SourceVersion "1"]
[SourceVersionDate "2023.06.22"]
[SourceQuality "1"]

1. e4 g5 2. d4 h6 3. Bd3 d6 4. c3 a6 5. Ne2 Nc6 6. Nd2 Nf6 7. Nf1 g4 8. f4 gxf3
9. gxf3 Rg8 10. Rg1 e5 11. d5 Rxg1 12. Nxg1 Ne7 13. Be3 Nexd5 14. exd5 Nxd5 15.
Qd2 Nxe3 16. Nxe3 Be6 17. Qg2 c6 18. Bf5 Qb6 19. Qf2 d5 20. Bxe6 fxe6 21. Ng4
Bc5 22. Qc2 O-O-O 23. Nh3 e4 24. fxe4 h5 25. Ngf2 Rf8 26. Qe2 d4 27. c4 Qb4+
28. Kd1 d3 29. Nxd3 Rd8 30. Qc2 Be3 31. Ke2 Rxd3 32. Kxd3 Qc5 33. Ke2 e5 34.
Rd1 Bd4 35. Ng5 Qe7 36. Nf3 c5 37. Nxd4 exd4 38. Qd3 Qh4 39. Rf1 Qxh2+ 40. Rf2
1-0

[Event "Paignton Premier 46th"]
[Site "Paignton"]
[Date "1996.09.03"]
[Round "3.13"]
[White "Jordan, John F"]
[Black "Page, Martin C"]
[Result "1/2-1/2"]
[WhiteElo "2090"]
[BlackElo "2008"]
[PlyCount "65"]
[EventDate "1996.09.01"]
[EventType "swiss"]
[EventRounds "7"]
[EventCountry "ENG"]
[SourceTitle "BritBase"]
[Source "John Saunders"]
[SourceDate "2023.06.22"]
[SourceVersion "1"]
[SourceVersionDate "2023.06.22"]
[SourceQuality "1"]

1. Nc3 d5 2. e4 dxe4 3. Nxe4 e5 4. Nf3 Nc6 5. Bb5 Bd7 6. Qe2 Qe7 7. O-O O-O-O
8. d3 Nd4 9. Nxd4 exd4 10. Bg5 f6 11. Bxd7+ Qxd7 12. Bd2 h6 13. b4 f5 14. Nc5
Bxc5 15. bxc5 Qd5 16. c4 dxc3 17. Bxc3 Nf6 18. Rab1 Qxd3 19. Qe6+ Qd7 20. Qb3
Qc6 21. Bxf6 gxf6 22. Qa3 a6 23. Rfc1 Kb8 24. Rb2 Rd7 25. Rcb1 Rhd8 (25... Ka8
$17) 26. Rxb7+ Ka8 27. Qb3 Rd1+ 28. Rxd1 Rxd1+ 29. Qxd1 Qxb7 30. Qd8+ Ka7 31.
h3 Qc6 32. Qf8 h5 33. Qf7 1/2-1/2

[Event "Paignton Premier 46th"]
[Site "Paignton"]
[Date "1996.09.03"]
[Round "3.14"]
[White "Lane, Peter CR"]
[Black "Parr, David"]
[Result "1/2-1/2"]
[WhiteElo "1992"]
[BlackElo "2175"]
[PlyCount "125"]
[EventDate "1996.09.01"]
[EventType "swiss"]
[EventRounds "7"]
[EventCountry "ENG"]
[SourceTitle "BritBase"]
[Source "John Saunders"]
[SourceDate "2023.06.22"]
[SourceVersion "1"]
[SourceVersionDate "2023.06.22"]
[SourceQuality "1"]

1. Nf3 Nf6 2. g3 g6 3. Bg2 Bg7 4. O-O O-O 5. c4 d6 6. d4 Nc6 7. Nc3 Rb8 8. h3
a6 9. d5 Na5 10. Qd3 c5 11. dxc6 Nxc6 12. Be3 Bd7 13. Rac1 b5 14. b3 Nb4 15.
Qd2 bxc4 16. bxc4 Be6 17. a3 Nc6 18. Nd5 Ne4 19. Qc2 Nc5 20. Bxc5 dxc5 21. Qa4
Bd7 22. Qxa6 e6 23. Nf4 Ra8 24. Qb5 Ra5 25. Qb7 Rxa3 26. Rfd1 Ra7 27. Qb1 Qc7
28. Ng5 Rb8 29. Qd3 Nb4 30. Qd6 Ba4 31. Qxc7 Rxc7 32. Rd2 Bb3 33. Ne4 Ba4 34.
Rb1 Rbc8 35. Rd6 Bc2 36. Rc1 Bb2 $2 37. Rxc2 Nxc2 38. Rd2 Na3 39. Rxb2 Nxc4 40.
Rc2 Nb6 41. Nd6 Rd8 42. Nb5 Rcc8 43. Nc3 $16 Rc7 44. Nb5 Rcc8 45. Nd3 c4 46.
Nb2 c3 47. Rxc3 $2 Rd2 48. Rxc8+ Nxc8 49. Nc4 Rxe2 50. g4 Ne7 51. Bf3 Re1+ 52.
Kg2 g5 53. Ne3 Ng6 54. Kg3 Nh4 55. Be4 f5 56. gxf5 exf5 57. Bxf5 $4 (57. Bd5+
Kg7 $15) 57... Rxe3+ $4 (57... Rg1+ 58. Kh2 Nf3#) 58. fxe3 Nxf5+ 59. Kf3 $11
Kg7 60. Ke4 Kf6 61. Nc3 h5 62. Nd5+ Ke6 63. Nc7+ 1/2-1/2

[Event "Paignton Premier 46th"]
[Site "Paignton"]
[Date "1996.09.03"]
[Round "3.15"]
[White "Brusey, Alan W"]
[Black "Hempson, Peter W"]
[Result "0-1"]
[WhiteElo "1984"]
[BlackElo "2235"]
[PlyCount "124"]
[EventDate "1996.09.01"]
[EventType "swiss"]
[EventRounds "7"]
[EventCountry "ENG"]
[SourceTitle "BritBase"]
[Source "John Saunders"]
[SourceDate "2023.06.22"]
[SourceVersion "1"]
[SourceVersionDate "2023.06.22"]
[SourceQuality "1"]

1. e4 e6 2. d4 d5 3. e5 c5 4. c3 Qb6 5. Nf3 Bd7 6. a3 Bb5 7. b4 cxb4 8. Bxb5+
Qxb5 9. cxb4 a5 10. bxa5 Nc6 11. Nc3 Qc4 12. Ne2 Rxa5 13. O-O Nge7 14. a4 Nf5
15. g4 Nfe7 16. Nd2 Qb4 17. Nf3 Qc4 18. Nd2 Qb4 19. Nf3 Ra8 20. Bd2 Qc4 21. Nc3
Nxd4 22. Nxd4 Qxd4 23. Nb5 Qxe5 24. Re1 Qb8 25. Qc1 Nc6 26. Bf4 Qc8 27. Nc7+
Kd7 28. Nxa8 Qxa8 29. Qb2 f6 30. Rab1 Bb4 31. Rec1 e5 32. Rxc6 bxc6 33. Qxb4
exf4 34. Qxf4 Re8 35. Qf5+ Kd6 36. Qxh7 Qxa4 37. Qxg7 Qf4 38. h4 Re7 39. Qg8
Qe4 40. Rc1 Re8 41. Qg7 Qe6 42. Kh2 Re7 43. Qh6 Qxg4 44. Qxf6+ Qe6 45. Qxe6+
Rxe6 46. Kg3 Rg6+ 47. Kf4 Rf6+ 48. Ke3 c5 49. f4 $2 (49. h5) 49... d4+ 50. Ke4
Re6+ 51. Kf3 Kd5 $19 52. f5 Re8 53. Kf4 d3 54. f6 Kd4 55. Kg5 d2 56. Ra1 Kd3
57. f7 Rc8 58. Kf6 c4 59. Rg1 c3 60. Rg8 d1=Q 61. Rxc8 Qf3+ 62. Ke7 Qb7+ 0-1

[Event "Paignton Premier 46th"]
[Site "Paignton"]
[Date "1996.09.03"]
[Round "3.16"]
[White "Gamble, Raymond J"]
[Black "Wheeler, John Francis"]
[Result "1-0"]
[WhiteElo "1968"]
[BlackElo "2112"]
[PlyCount "85"]
[EventDate "1996.09.01"]
[EventType "swiss"]
[EventRounds "7"]
[EventCountry "ENG"]
[SourceTitle "BritBase"]
[Source "John Saunders"]
[SourceDate "2023.06.22"]
[SourceVersion "1"]
[SourceVersionDate "2023.06.22"]
[SourceQuality "1"]

1. d4 d5 2. Nf3 Nf6 3. e3 Bf5 4. Bd3 Bxd3 5. Qxd3 e6 6. Qb5+ Nbd7 7. Qxb7 Bd6
8. Qa6 O-O 9. Nbd2 Qe7 10. b3 Bb4 11. O-O e5 12. dxe5 Nxe5 13. Bb2 Neg4 14. Qd3
Bd6 15. h3 Nh6 16. Bxf6 Qxf6 17. Qxd5 Rad8 18. Qc4 Qe7 19. Ne4 Ba3 20. Rad1 Rb8
21. Nc3 Bd6 22. Rd3 Kh8 23. Qe4 Qd8 24. Rfd1 f5 25. Qh4 Qe8 26. Nd5 Qe4 27. Qh5
f4 28. Ng5 Qf5 29. exf4 Bxf4 30. Nxf4 Qxf4 31. Rf3 Qb4 32. Rxf8+ Rxf8 33. Ne6
Rg8 34. Qc5 Qe4 35. Nxc7 Rc8 36. Rd7 Ng8 37. Qg5 g6 38. Qe3 Qxe3 39. fxe3 Nf6
40. Rf7 Ne4 41. c4 Kg8 42. Re7 Nf6 43. Nd5 1-0

[Event "Paignton Premier 46th"]
[Site "Paignton"]
[Date "1996.09.03"]
[Round "3.17"]
[White "White, Mark W"]
[Black "Mercs, Peter J"]
[Result "1-0"]
[WhiteElo "2048"]
[BlackElo "1984"]
[PlyCount "119"]
[EventDate "1996.09.01"]
[EventType "swiss"]
[EventRounds "7"]
[EventCountry "ENG"]
[SourceTitle "BritBase"]
[Source "John Saunders"]
[SourceDate "2023.06.22"]
[SourceVersion "1"]
[SourceVersionDate "2023.06.22"]
[SourceQuality "1"]

1. d4 Nf6 2. Nc3 e6 3. e4 d6 4. f4 Be7 5. Nf3 O-O 6. Bd3 Ne8 7. O-O f5 8. Qe2
Nc6 9. exf5 exf5 10. Nd5 Nf6 11. Ne3 g6 12. c3 d5 13. Ne5 Kg7 14. b3 Ne4 15.
Bb2 Bf6 16. Rad1 Ne7 17. g4 Qe8 18. g5 Bxe5 19. dxe5 Be6 20. c4 c6 21. Qe1 Rd8
22. Qb4 d4 23. Bxe4 dxe3 24. Bf3 Rd7 25. Ba3 Rf7 26. Qc5 Rd2 27. Rxd2 exd2 28.
Qd6 Nc8 29. Qxd2 Rd7 30. Qc2 Qd8 31. Rd1 Qb6+ 32. Kg2 a5 33. Rxd7+ Bxd7 34. Qf2
Qc7 35. Qc5 Qd8 36. Qd4 Kf7 37. Be2 Qe8 38. Kf3 Be6 39. c5 h6 40. Bc4 hxg5 41.
fxg5 Bxc4 42. bxc4 Ke6 43. Bb2 Qh8 44. h4 a4 45. Ke3 Qe8 46. Bc3 Qd7 47. Qxd7+
Kxd7 48. Ba5 Ke6 49. Kf4 Ne7 50. Bd8 Nc8 51. h5 gxh5 52. g6 h4 53. Bxh4 b5 54.
cxb5 cxb5 55. g7 Kf7 56. Bf6 b4 57. e6+ Kg8 58. e7 Nxe7 59. Bxe7 Kxg7 60. c6
1-0

[Event "Paignton Premier 46th"]
[Site "Paignton"]
[Date "1996.09.03"]
[Round "3.18"]
[White "Kambites, Mark E"]
[Black "Jackson, David (Devon)"]
[Result "1-0"]
[WhiteElo "2008"]
[BlackElo "1808"]
[PlyCount "60"]
[EventDate "1996.09.01"]
[EventType "swiss"]
[EventRounds "7"]
[EventCountry "ENG"]
[SourceTitle "BritBase"]
[Source "John Saunders"]
[SourceDate "2023.06.22"]
[SourceVersion "1"]
[SourceVersionDate "2023.06.22"]
[SourceQuality "1"]

1. f4 b6 2. e4 Bb7 3. Nc3 e6 4. d4 Bb4 5. Bd3 Nf6 6. Qe2 O-O 7. Nf3 d5 8. e5
Ne4 9. Bd2 Bxc3 10. bxc3 h6 11. c4 Nxd2 12. Qxd2 dxc4 13. Bxc4 Bxf3 14. gxf3
Qh4+ 15. Ke2 Nc6 16. Rag1 Rad8 17. c3 Na5 18. Bd3 f5 19. Rg6 Rfe8 20. Rhg1 Re7
21. R1g2 c5 22. Bb5 cxd4 23. cxd4 Rd5 24. Ba4 Nc4 25. Qc3 (25. Qc1 $11) 25...
Qxf4 $5 26. Qxc4 Rxd4 27. Qxe6+ $5 Kh7 (27... Rxe6 $4 28. Rxg7+ Kf8 29. Rg8+
Ke7 30. R2g7#) 28. Rxg7+ Rxg7 29. Rxg7+ Kxg7 30. Qe7+ Kh8 {(Jackson withdrew
after three rounds - bereavement)} 1-0

[Event "Paignton Premier 46th"]
[Site "Paignton"]
[Date "1996.09.03"]
[Round "3.19"]
[White "Wright, Andrew D"]
[Black "Hodge, David J"]
[Result "0-1"]
[WhiteElo "1560"]
[BlackElo "1944"]
[PlyCount "76"]
[EventDate "1996.09.01"]
[EventType "swiss"]
[EventRounds "7"]
[EventCountry "ENG"]
[SourceTitle "BritBase"]
[Source "John Saunders"]
[SourceDate "2023.06.22"]
[SourceVersion "1"]
[SourceVersionDate "2023.06.22"]
[SourceQuality "1"]

1. e4 e5 2. Nf3 Nc6 3. Bb5 a6 4. Bxc6 dxc6 5. O-O Bg4 6. h3 h5 7. d3 Qf6 8.
Nbd2 Ne7 9. c3 Ng6 10. d4 Bd6 11. Nc4 Bxf3 12. Qxf3 Qxf3 13. gxf3 Nh4 14. Nxd6+
cxd6 15. f4 exd4 16. cxd4 Nf3+ 17. Kg2 Nxd4 18. Rd1 c5 19. Be3 Nc2 20. Rac1
Nxe3+ 21. fxe3 Rd8 22. Rd5 f6 23. Rcd1 Ke7 24. Kf3 g6 25. h4 Rhg8 26. R1d3 b6
27. Ra3 Ra8 28. Rad3 Rad8 29. e5 dxe5 30. Rxd8 Rxd8 31. Rxd8 Kxd8 32. fxe5 fxe5
33. Ke4 Ke7 34. Kxe5 b5 35. b3 c4 36. bxc4 bxc4 37. Kd4 g5 38. Kxc4 gxh4 0-1

[Event "Paignton Premier 46th"]
[Site "Paignton"]
[Date "1996.09.04"]
[Round "4.1"]
[White "Baker, Chris W"]
[Black "Lane, Gary William"]
[Result "1/2-1/2"]
[WhiteElo "2370"]
[BlackElo "2405"]
[PlyCount "53"]
[EventDate "1996.09.01"]
[EventType "swiss"]
[EventRounds "7"]
[EventCountry "ENG"]
[SourceTitle "BritBase"]
[Source "John Saunders"]
[SourceDate "2023.06.22"]
[SourceVersion "1"]
[SourceVersionDate "2023.06.22"]
[SourceQuality "1"]

1. e4 e5 2. Nf3 Nc6 3. Bc4 Bc5 4. O-O Nf6 5. d4 Bxd4 6. Nxd4 Nxd4 7. f4 Nc6 8.
Nc3 h6 9. Nd5 d6 10. Nxf6+ Qxf6 11. fxe5 Qxe5 12. Bxf7+ Ke7 13. Bd5 Be6 14. Bd2
Rhf8 15. Bc3 Rxf1+ 16. Qxf1 Qg5 17. Bxe6 (17. Qc4 $1 $16 Bh3 $140 18. e5 $1)
17... Kxe6 18. Qf3 Ke7 19. Rf1 Qg6 20. Kh1 Re8 21. b4 Ne5 22. Bxe5 dxe5 23. Qe3
b6 24. Qc3 Kd7 25. Qc4 Qe6 26. Rf7+ Re7 27. Rxe7+ 1/2-1/2

[Event "Paignton Premier 46th"]
[Site "Paignton"]
[Date "1996.09.04"]
[Round "4.2"]
[White "Franklin, Michael J"]
[Black "Mordue, A Tyson"]
[Result "1/2-1/2"]
[WhiteElo "2255"]
[BlackElo "2240"]
[PlyCount "31"]
[EventDate "1996.09.01"]
[EventType "swiss"]
[EventRounds "7"]
[EventCountry "ENG"]
[SourceTitle "BritBase"]
[Source "John Saunders"]
[SourceDate "2023.06.22"]
[SourceVersion "1"]
[SourceVersionDate "2023.06.22"]
[SourceQuality "1"]

1. c4 g6 2. Nc3 Bg7 3. g3 d6 4. Bg2 e5 5. e3 Nf6 6. Nge2 O-O 7. d3 Nc6 8. O-O
Be6 9. Nd5 Qd7 10. Nec3 Nh5 11. Bd2 f5 12. f4 Nf6 13. Qa4 a6 14. a3 Kh8 15.
Rac1 Ne8 16. Nb4 1/2-1/2

[Event "Paignton Premier 46th"]
[Site "Paignton"]
[Date "1996.09.04"]
[Round "4.3"]
[White "Crickmore, Neil EG"]
[Black "Mack, Andrew L"]
[Result "1/2-1/2"]
[WhiteElo "2168"]
[BlackElo "2270"]
[PlyCount "53"]
[EventDate "1996.09.01"]
[EventType "swiss"]
[EventRounds "7"]
[EventCountry "ENG"]
[SourceTitle "BritBase"]
[Source "John Saunders"]
[SourceDate "2023.06.22"]
[SourceVersion "1"]
[SourceVersionDate "2023.06.22"]
[SourceQuality "1"]

1. d4 Nf6 2. c4 g6 3. Nc3 Bg7 4. e4 d6 5. f4 O-O 6. Nf3 Na6 7. Be2 e5 8. fxe5
dxe5 9. d5 c6 10. Bg5 Qb6 11. Qb3 Qa5 12. Nd2 Nd7 13. O-O Ndc5 14. Qd1 Qb6 15.
Kh1 f6 16. Be3 Qxb2 17. Na4 Qa3 18. Nxc5 Qxe3 19. Nxa6 bxa6 20. Rf3 Qb6 21. Nb3
cxd5 22. c5 Qc7 23. exd5 e4 24. Rf1 f5 25. Bc4 Qe5 26. Rc1 f4 27. d6+ 1/2-1/2

[Event "Paignton Premier 46th"]
[Site "Paignton"]
[Date "1996.09.04"]
[Round "4.4"]
[White "Cafferty, Bernard"]
[Black "McKenna, Jason P"]
[Result "1-0"]
[WhiteElo "2240"]
[BlackElo "2125"]
[PlyCount "81"]
[EventDate "1996.09.01"]
[EventType "swiss"]
[EventRounds "7"]
[EventCountry "ENG"]
[SourceTitle "BritBase"]
[Source "John Saunders"]
[SourceDate "2023.06.22"]
[SourceVersion "1"]
[SourceVersionDate "2023.06.22"]
[SourceQuality "1"]

1. Nf3 Nf6 2. g3 b6 3. Bg2 Bb7 4. O-O e6 5. c4 c5 6. Nc3 Be7 7. b3 O-O 8. Bb2
d5 9. e3 Nbd7 10. Qe2 Rc8 11. Rfd1 Qc7 12. Rac1 Qb8 13. d3 Rfd8 14. Nh4 a6 15.
cxd5 exd5 16. Nf5 Bf8 17. d4 g6 18. Nh4 Bg7 19. dxc5 Nxc5 20. Nf3 Nce4 21. Bh3
Rc7 22. Na4 Rxc1 23. Rxc1 b5 24. Be5 Nd6 25. Nc5 Bc8 26. Bg2 Nfe4 27. Bxg7 Kxg7
28. Nd4 Re8 29. Qb2 f6 30. Nd3 Nf5 31. Nf4 Qd6 32. Rd1 Re5 33. Nf3 Re8 34. Rxd5
Qb4 35. Rd3 Bb7 36. h4 Re7 37. Kh2 Nc5 38. Rd1 Be4 39. Nd4 Bxg2 40. Nxf5+ gxf5
41. Nh5+ {Source: BC scoresheet} 1-0

[Event "Paignton Premier 46th"]
[Site "Paignton"]
[Date "1996.09.04"]
[Round "4.5"]
[White "Phillips, Alan"]
[Black "Mulligan, Stephen"]
[Result "0-1"]
[WhiteElo "2150"]
[BlackElo "2230"]
[PlyCount "42"]
[EventDate "1996.09.01"]
[EventType "swiss"]
[EventRounds "7"]
[EventCountry "ENG"]
[SourceTitle "BritBase"]
[Source "John Saunders"]
[SourceDate "2023.06.22"]
[SourceVersion "1"]
[SourceVersionDate "2023.06.22"]
[SourceQuality "1"]

1. d4 d5 2. Nf3 Nf6 3. c4 e6 4. e3 Nbd7 5. cxd5 exd5 6. Bd3 Bd6 7. Nc3 c6 8.
O-O O-O 9. Rb1 Re8 10. Qc2 Nf8 11. h3 g6 12. e4 $4 dxe4 13. Nxe4 Nxe4 14. Bxe4
Rxe4 15. Qxe4 Bf5 16. Qe1 Bxb1 17. Bg5 f6 18. Qxb1 fxg5 19. Re1 Qf6 20. Qd3 Rd8
21. Qb3+ Qf7 0-1

[Event "Paignton Premier 46th"]
[Site "Paignton"]
[Date "1996.09.04"]
[Round "4.6"]
[White "Peters, Stephen G"]
[Black "Leech, Aiden M"]
[Result "1-0"]
[WhiteElo "2215"]
[BlackElo "2105"]
[PlyCount "57"]
[EventDate "1996.09.01"]
[EventType "swiss"]
[EventRounds "7"]
[EventCountry "ENG"]
[SourceTitle "BritBase"]
[Source "John Saunders"]
[SourceDate "2023.06.22"]
[SourceVersion "1"]
[SourceVersionDate "2023.06.22"]
[SourceQuality "1"]

1. d4 Nf6 2. c4 g6 3. Nc3 Bg7 4. e4 d6 5. Nf3 O-O 6. Be2 Nbd7 7. O-O e5 8. Re1
Re8 9. Bf1 exd4 10. Nxd4 Nc5 11. f3 a5 12. Be3 Nfd7 13. Qd2 Ne6 14. Nc2 Ne5 15.
Rad1 b6 16. Nd5 Ba6 17. b3 Rc8 18. h3 g5 19. Qf2 Ng6 20. g3 Bb7 21. Bc1 h5 22.
Nce3 Be5 23. Bb2 f6 24. Nf5 Kh7 25. Bc1 Rg8 26. Kh1 Bxd5 27. exd5 Nc5 28. f4
Bc3 29. Qf3 1-0

[Event "Paignton Premier 46th"]
[Site "Paignton"]
[Date "1996.09.04"]
[Round "4.7"]
[White "George, Ian M"]
[Black "Jordan, John F"]
[Result "1-0"]
[WhiteElo "2032"]
[BlackElo "2090"]
[PlyCount "65"]
[EventDate "1996.09.01"]
[EventType "swiss"]
[EventRounds "7"]
[EventCountry "ENG"]
[SourceTitle "BritBase"]
[Source "John Saunders"]
[SourceDate "2023.06.22"]
[SourceVersion "1"]
[SourceVersionDate "2023.06.22"]
[SourceQuality "1"]

1. e4 c5 2. Nf3 d6 3. Bb5+ Nc6 4. O-O g6 5. c3 Bg7 6. d4 Bd7 7. Re1 cxd4 8.
cxd4 e5 9. dxe5 dxe5 10. Bg5 f6 11. Be3 Nh6 12. Bc5 b6 13. Ba3 Nd4 14. Bxd7+
Qxd7 15. Nc3 O-O-O 16. Nd5 Nhf5 17. Nxd4 Nxd4 18. Rc1+ Kb8 19. Rc7 Qxc7 20.
Nxc7 Kxc7 21. Qa4 Kb7 22. Be7 b5 23. Qa5 Rc8 24. a4 a6 25. axb5 axb5 26. Qa2
Rc4 27. Ra1 Rc1+ 28. Rxc1 Ne2+ 29. Kf1 Nxc1 30. Qd5+ Kc8 31. Qc6+ Kb8 32. Qb6+
Ka8 33. Bd6 1-0

[Event "Paignton Premier 46th"]
[Site "Paignton"]
[Date "1996.09.04"]
[Round "4.8"]
[White "Page, Martin C"]
[Black "Lamb, Harry"]
[Result "1/2-1/2"]
[WhiteElo "2008"]
[BlackElo "2255"]
[PlyCount "107"]
[EventDate "1996.09.01"]
[EventType "swiss"]
[EventRounds "7"]
[EventCountry "ENG"]
[SourceTitle "BritBase"]
[Source "John Saunders"]
[SourceDate "2023.06.22"]
[SourceVersion "1"]
[SourceVersionDate "2023.06.22"]
[SourceQuality "1"]

1. d4 d5 2. c4 e6 3. Nc3 c5 4. cxd5 exd5 5. Nf3 Nc6 6. g3 Nf6 7. Bg2 Be7 8. O-O
O-O 9. Bg5 cxd4 10. Nxd4 Re8 11. Rc1 h6 12. Be3 Bf8 13. h3 Be6 14. Na4 Rc8 15.
Nxc6 bxc6 16. Bc5 Bxc5 17. Nxc5 Bf5 18. e3 Ne4 19. Qd4 Nxc5 20. Rxc5 Qd7 21.
Rfc1 Bxh3 22. Bxh3 Qxh3 23. Rxc6 Rxc6 24. Rxc6 Qf5 25. Kg2 h5 26. Rc5 Rd8 27.
Ra5 Rc8 28. Qxd5 Qxd5+ 29. Rxd5 Rc2 30. Rxh5 Rxb2 31. Ra5 Rb7 32. e4 g6 33. Kf3
Rc7 34. Kg4 Kg7 35. e5 Rd7 36. Kg5 Rc7 37. f4 Kf8 38. Ra6 Kg7 39. g4 Rb7 40. f5
gxf5 41. gxf5 Rc7 42. f6+ Kh7 43. Kf5 Rb7 44. Ra5 Kh6 45. e6 fxe6+ 46. Kxe6 Kg6
47. Ra4 Rb6+ 48. Kd7 Rxf6 49. Kc7 Kf5 50. Rxa7 Ke5 51. a4 Kd5 52. Ra5+ Kc4 53.
Rh5 Ra6 54. a5 1/2-1/2

[Event "Paignton Premier 46th"]
[Site "Paignton"]
[Date "1996.09.04"]
[Round "4.9"]
[White "Hempson, Peter W"]
[Black "Cock, John Crowle"]
[Result "1/2-1/2"]
[WhiteElo "2235"]
[BlackElo "2155"]
[PlyCount "39"]
[EventDate "1996.09.01"]
[EventType "swiss"]
[EventRounds "7"]
[EventCountry "ENG"]
[SourceTitle "BritBase"]
[Source "John Saunders"]
[SourceDate "2023.06.22"]
[SourceVersion "1"]
[SourceVersionDate "2023.06.22"]
[SourceQuality "1"]

1. d4 Nf6 2. c4 e6 3. Nf3 d5 4. Nc3 Bb4 5. Bg5 h6 6. Bxf6 Qxf6 7. e3 c5 8. Rc1
cxd4 9. Qa4+ Nc6 10. Nxd4 Bd7 11. cxd5 Bxc3+ 12. Rxc3 Nxd4 13. Qxd4 Qxd4 14.
exd4 exd5 15. Be2 Ke7 16. Kd2 Rhc8 17. Rhc1 Rxc3 18. Rxc3 Rc8 19. Ra3 Bf5 20.
Rc3 1/2-1/2

[Event "Paignton Premier 46th"]
[Site "Paignton"]
[Date "1996.09.04"]
[Round "4.10"]
[White "Brogden, John G"]
[Black "Harakis, Alexis"]
[Result "0-1"]
[WhiteElo "1959"]
[BlackElo "2175"]
[PlyCount "68"]
[EventDate "1996.09.01"]
[EventType "swiss"]
[EventRounds "7"]
[EventCountry "ENG"]
[SourceTitle "BritBase"]
[Source "John Saunders"]
[SourceDate "2023.06.22"]
[SourceVersion "1"]
[SourceVersionDate "2023.06.22"]
[SourceQuality "1"]

1. d4 Nf6 2. c4 d6 3. Nc3 g6 4. e4 Bg7 5. Be2 O-O 6. f4 c5 7. Nf3 cxd4 8. Nxd4
Nc6 9. Be3 Nd7 10. O-O Qb6 11. Nc2 Qxb2 $4 12. Nd5 e6 13. Bc1 $18 Qxa1 14. Nxa1
Bxa1 15. Ne3 Nc5 16. Bf3 Rd8 17. Nc2 $2 Bg7 18. Be3 $2 Na4 19. Qe1 Nb6 20. Be2
d5 21. cxd5 $2 (21. f5 $1 $16) 21... exd5 22. exd5 $2 Nxd5 $17 23. Bc5 Bf5 24.
Bd1 b6 25. Ba3 Rac8 26. Kh1 Re8 27. Qf2 Bxc2 28. Bxc2 Bd4 29. Qf3 Ne3 30. Bd3
Nxf1 31. Qxf1 Bc3 32. Qf2 Re1+ 33. Bf1 Rxf1+ 34. Qxf1 Re8 0-1

[Event "Paignton Premier 46th"]
[Site "Paignton"]
[Date "1996.09.04"]
[Round "4.11"]
[White "Parr, Frank"]
[Black "Lane, Peter CR"]
[Result "1-0"]
[WhiteElo "2140"]
[BlackElo "1992"]
[PlyCount "51"]
[EventDate "1996.09.01"]
[EventType "swiss"]
[EventRounds "7"]
[EventCountry "ENG"]
[SourceTitle "BritBase"]
[Source "John Saunders"]
[SourceDate "2023.06.22"]
[SourceVersion "1"]
[SourceVersionDate "2023.06.22"]
[SourceQuality "1"]

1. d4 Nf6 2. Bg5 e6 3. Nd2 d5 4. e3 c5 5. c3 Nc6 6. f4 Be7 7. Bd3 Nd7 8. Bxe7
Qxe7 9. Ngf3 f6 10. O-O Rb8 11. e4 Nb6 12. Kh1 cxd4 13. Nxd4 Nxd4 14. cxd4 dxe4
15. Bxe4 O-O 16. Rc1 e5 $2 17. fxe5 fxe5 18. Rxf8+ Kxf8 19. Bxh7 Nd5 20. dxe5
Qxe5 21. Nc4 Qg5 22. Qf3+ Nf6 23. Qa3+ Kf7 24. Nd6+ Ke6 25. Bf5+ Ke5 26. Nf7+
1-0